Communication systems (Record no. 5224)

MARC details
000 -LEADER
fixed length control field 00355nam a2200145Ia 4500
008 - FIXED-LENGTH DATA ELEMENTS--GENERAL INFORMATION
fixed length control field 150201s2010 xx 000 0 und d
082 ## - DEWEY DECIMAL CLASSIFICATION NUMBER
Classification number 621.382
Item number HAY
100 ## - MAIN ENTRY--PERSONAL NAME
Personal name Haykin,Simon
245 ## - TITLE STATEMENT
Title Communication systems
250 ## - EDITION STATEMENT
Edition statement 5th Ed.
260 ## - PUBLICATION, DISTRIBUTION, ETC. (IMPRINT)
Name of publisher, distributor, etc. Wiley India Pvt. Ltd.
Place of publication, distribution, etc. N.Delhi
Date of publication, distribution, etc. 2010
300 ## - PHYSICAL DESCRIPTION
Extent 422p.
700 ## - ADDED ENTRY--PERSONAL NAME
Personal name Moher,Michael
942 ## - ADDED ENTRY ELEMENTS (KOHA)
Source of classification or shelving scheme Dewey Decimal Classification
Koha item type Books
Holdings
Withdrawn status Lost status Source of classification or shelving scheme Damaged status Not for loan Home library Current library Date acquired SGTU Total Checkouts Full call number Barcode Date last seen Date last checked out Bill Date Koha item type
    Dewey Decimal Classification     SGT Engineering Library SGT Engineering Library 24/06/2010 SGTU 1 621.382 HAY FE3394 29/01/2018 29/01/2018 09/02/2015 Books
    Dewey Decimal Classification     SGT Engineering Library SGT Engineering Library 24/06/2010 SGTU 1 621.382 HAY FE3395 06/02/2018 06/02/2018 09/02/2015 Books
    Dewey Decimal Classification     SGT Engineering Library SGT Engineering Library 24/06/2010 SGTU   621.382 HAY FE3396 09/02/2015   09/02/2015 Books
    Dewey Decimal Classification     SGT Engineering Library SGT Engineering Library 24/06/2010 SGTU   621.382 HAY FE3397 09/02/2015   09/02/2015 Books
    Dewey Decimal Classification     SGT Engineering Library SGT Engineering Library 24/06/2010 SGTU 2 621.382 HAY FE3398 16/05/2019 14/05/2019 09/02/2015 Books